00968nam a2200265 a 4500001001000000003000900010005001700019008003500036040002500071082003000096100002800126245004000154246002400194260004400218300002000262500007200282563007600354590002600430650002400456650002700480910004000507942001200547952012600559999001700685000009784DO-SdBNP20240201120003.0091001s1984 dr a r 000 p spa d aDO-SdBNPbspacBPMSU aRD861.44bC355a, 19842221 aCastro, Tomás,d1959-10aAmor aquemarropa /cTomás Castro.14aAmor a quema rropa  aSanto Domingo :bEditorial Gente,c1984 a67 p. ;c18 cm. aIncluye datos biográficos del autor en la solapa de la cubierta.  aDos obras con paginación independiente en encuadernación invertida. aInventariado, 2024/VM 4aPoesía dominicana 4aLiteratura dominicana. aVMateo V. Control de calidad.BPMSU  2ddccBK 00102ddc40708CDaBPMETbBPMETd2024-02-01l0oBPMSU CD RD861.44 C355a 1984pBPMSU24020004r2024-02-01w2024-02-01yBK c14552d14552